Catálogo público

Isómero cis-9, trans-11 y trans-10, cis-12 de ácido linoleico conjugado y su relación con producción de leche de vacas Holstein - Friesian (Record no. 100118)

MARC details
000 -CABECERA
campo de control de longitud fija 03302nam a2200457 a 4500
003 - IDENTIFICADOR DEL NÚMERO DE CONTROL
campo de control CHAP
005 - FECHA Y HORA DE LA ÚLTIMA TRANSACCIÓN
campo de control 20241113112757.0
007 - CAMPO FIJO DE DESCRIPCIÓN FÍSICA--INFORMACIÓN GENERAL
campo de control de longitud fija cr ||||||a|c|a
008 - DATOS DE LONGITUD FIJA--INFORMACIÓN GENERAL
campo de control de longitud fija 101209s2010 mx r 00010 spa d
035 ## - NÚMERO DE CONTROL DEL SISTEMA
Número de control de sistema 111776
040 ## - FUENTE DE LA CATALOGACIÓN
Centro/agencia transcriptor CHAP
090 ## - LOCALMENTE ASIGNADO TIPO-LC NÚMERO DE CLASIFICACIÓN (OCLC); NÚMERO DE CLASIFICACIÓN LOCAL (RLIN)
Número de clasificación (OCLC) (R) ; Numero de clasificación, CALL (RLIN) (NR) Tesis
100 1# - ENTRADA PRINCIPAL--NOMBRE DE PERSONA
Nombre de persona Islas Espejel, Amado
9 (RLIN) 60591
245 10 - MENCIÓN DE TÍTULO
Título Isómero cis-9, trans-11 y trans-10, cis-12 de ácido linoleico conjugado y su relación con producción de leche de vacas Holstein - Friesian
Resto del título revisión de literatura
Mención de responsabilidad, etc. /por Amado Islas Espejel; director de tesis Rufino López Ordaz.
260 ## - PUBLICACIÓN, DISTRIBUCIÓN, ETC.
Lugar de publicación, distribución, etc. Chapingo, Méx. :
Nombre del editor, distribuidor, etc. El autor,
Fecha de publicación, distribución, etc. 2010.
300 ## - DESCRIPCIÓN FÍSICA
Extensión 1 recurso en línea (33 páginas):
Otras características físicas cuadros, figuras.
336 ## - TIPO DE CONTENIDO
Fuente rdacontent
Término de tipo de contenido texto
Código de tipo de contenido txt
337 ## - TIPO DE MEDIO
Fuente rdamedia
Nombre/término del tipo de medio computadora
Código del tipo de medio c
338 ## - TIPO DE SOPORTE
Fuente rdacarrier
Nombre/término del tipo de soporte recursos en línea
Código del tipo de soporte cr
502 ## - NOTA DE TESIS
Tipo de título Ingeniero Agrónomo Especialista en Zootecnia
Nombre de la institución que otorga el título Departamento de Enseñanza, Investigación y Servicio en Zootecnia,
Año de obtención del título 2010.
Información miscelánea Licenciatura
520 ## - SUMARIO, ETC.
Sumario, etc. Los objetivos de la presente revisión de literatura fueron estudiar los mecanismos de la adición de cis-9, trans-11 y trans-10, cis-12 del ácido linoleico conjugado (ALC) en la dieta y su relación con producción de leche. Ambos isómeros se forman por la isomerización del ALC por la bacteria ruminal Butyrivibrio fibrisolvens. También pueden ser producidos por desaturación del ácido vaccénico (18:1, trans-11) en el intestino delgado o el hígado de la vaca lechera. En humanos, los consumos de ambos se relacionan con hipocolesterolemia, funciones antiaterogénicas, estimulación del sistema inmune, protección contra ciertos tipos de cáncer, antioxidante y reductor del peso corporal. Por el contrario, en la vaca la adición de los isómeros incrementa el volumen de leche y reduce el contenido de grasa de la leche. El incremento en volumen se atribuye al cis-9, trans-11; mientras que la reducción de grasa se atribuye al tras-10, cis-12. La partición de la energía reduce el periodo del balance negativo de energía postparto. Este hecho se asocia con un mejoramiento de la eficiencia reproductiva y la salud de la vaca. La reducción de la grasa se explica por la teoría de la bio-hidrogenación y la presencia de inhibidores de la síntesis de grasas. En conclusión, la adición de los isómeros a las dietas de vacas lecheras no influyó en el consumo de MS, los cambios de peso y la producción de proteína. Por el contrario, la inclusión en la dieta de ambos isómeros incrementa el volumen de leche y se reduce el contenido de grasa de la leche.
650 04 - PUNTO DE ACCESO ADICIONAL DE MATERIA--TÉRMINO DE MATERIA
Término de materia o nombre geográfico como elemento de entrada Acido linoleico.
9 (RLIN) 591
650 04 - PUNTO DE ACCESO ADICIONAL DE MATERIA--TÉRMINO DE MATERIA
Término de materia o nombre geográfico como elemento de entrada Ganado Friesian.
9 (RLIN) 45128
650 04 - PUNTO DE ACCESO ADICIONAL DE MATERIA--TÉRMINO DE MATERIA
Término de materia o nombre geográfico como elemento de entrada Ganado Holstein
Subdivisión general Producción.
9 (RLIN) 45141
650 04 - PUNTO DE ACCESO ADICIONAL DE MATERIA--TÉRMINO DE MATERIA
Término de materia o nombre geográfico como elemento de entrada Leche
Subdivisión general Producción.
9 (RLIN) 65400
700 1# - PUNTO DE ACCESO ADICIONAL--NOMBRE DE PERSONA
Nombre de persona López Ordaz, Rufino
9 (RLIN) 68182
Término indicativo de función/relación Director de tesis.
856 ## - LOCALIZACIÓN Y ACCESO ELECTRÓNICOS
Identificador Uniforme del Recurso http://10.13.5.2/tesis/111776.pdf
Nota pública DESCARGAR PDF
942 ## - ELEMENTOS DE PUNTO DE ACCESO ADICIONAL (KOHA)
Tipo de ítem Koha Tesis digital
Fuente del sistema de clasificación o colocación Clasificación Universidad Autónoma Chapingo
590 ## - NOTA LOCAL (RLIN)
Nota local ALEPH
Procedencia (VM) [OBSOLETO] 10
Condición del los carretes individuales (VM) [OBSOLETO] 20130110
590 ## - NOTA LOCAL (RLIN)
Nota local BATCH-UPD
Procedencia (VM) [OBSOLETO] 10
Condición del los carretes individuales (VM) [OBSOLETO] 20130110
590 ## - NOTA LOCAL (RLIN)
Nota local BATCH-UPD
Procedencia (VM) [OBSOLETO] 10
Condición del los carretes individuales (VM) [OBSOLETO] 20130410
590 ## - NOTA LOCAL (RLIN)
Nota local BATCH-UPD
Procedencia (VM) [OBSOLETO] 10
Condición del los carretes individuales (VM) [OBSOLETO] 20130913
590 ## - NOTA LOCAL (RLIN)
Nota local BATCH-UPD
Procedencia (VM) [OBSOLETO] 10
Condición del los carretes individuales (VM) [OBSOLETO] 20140324
590 ## - NOTA LOCAL (RLIN)
Nota local BATCH-UPD
Procedencia (VM) [OBSOLETO] 10
Condición del los carretes individuales (VM) [OBSOLETO] 20141002
590 ## - NOTA LOCAL (RLIN)
Nota local CONVERSION
Procedencia (VM) [OBSOLETO] 10
Condición del los carretes individuales (VM) [OBSOLETO] 20130109
901 ## - ELEMENTOS DE DATOS A LOCAL LDA (RLIN)
a BK
949 ## - PROCESAMIENTO DE INFORMACIÓN LOCAL (OCLC)
b BC
c TES
d 33724002226934
e TS1
g DonaciØn
h 51668
i 111776
s b
949 ## - PROCESAMIENTO DE INFORMACIÓN LOCAL (OCLC)
b BC
c TES
d 33724002226975
e TS2
f c.2
g DonaciØn
h 51669
i 111776
s b
Holdings
Estado de retiro Estado de pérdida Fuente del sistema de clasificación o colocación Estado dañado Restricciones de uso No para préstamo Código de colección Localización permanente Ubicación/localización actual Ubicación en estantería Fecha de adquisición Total de préstamos Signatura topográfica completa Fecha visto por última vez Precio válido a partir de Tipo de ítem Koha
    Clasificación Universidad Autónoma de Chapingo   Préstamo interno   Tesis digitales de Licenciatura Biblioteca Digital Biblioteca Digital En línea 31/12/2019   Tesis digital 31/12/2019 31/12/2019 Tesis digital